<?xml version="1.0" encoding="UTF-8"?>
<record
    xmlns:xsi="http://www.w3.org/2001/XMLSchema-instance"
    xsi:schemaLocation="http://www.loc.gov/MARC21/slim http://www.loc.gov/standards/marcxml/schema/MARC21slim.xsd"
    xmlns="http://www.loc.gov/MARC21/slim">

  <leader>02049nam a2200325 a 4500</leader>
  <controlfield tag="001">000000368552</controlfield>
  <controlfield tag="003">IT-MiSPE</controlfield>
  <controlfield tag="005">20200904174638.0</controlfield>
  <controlfield tag="008">090305s2009    it            001 0 ita d</controlfield>
  <datafield tag="020" ind1=" " ind2=" ">
    <subfield code="a">9788816408517</subfield>
    <subfield code="c">42.00 EUR</subfield>
  </datafield>
  <datafield tag="040" ind1=" " ind2=" ">
    <subfield code="a">IT-MiSPE</subfield>
    <subfield code="b">ita</subfield>
    <subfield code="d">mv</subfield>
    <subfield code="c">IT-MiSPE</subfield>
  </datafield>
  <datafield tag="082" ind1=" " ind2=" ">
    <subfield code="a">301.01-ELL ja si (axa 23272)</subfield>
  </datafield>
  <datafield tag="100" ind1="1" ind2=" ">
    <subfield code="a">Ellul, Jacques,</subfield>
    <subfield code="d">1912-1994.</subfield>
    <subfield code="9">58435</subfield>
  </datafield>
  <datafield tag="240" ind1="1" ind2="3">
    <subfield code="a">Le syst&#xE8;me technicien.</subfield>
    <subfield code="l">Italiano</subfield>
  </datafield>
  <datafield tag="245" ind1="1" ind2="3">
    <subfield code="a">Il sistema tecnico :</subfield>
    <subfield code="b">la gabbia delle societ&#xE0; contemporanee /</subfield>
    <subfield code="c">Jacques Ellul ; prefazione di Jean-Luc Porquet.</subfield>
  </datafield>
  <datafield tag="260" ind1=" " ind2=" ">
    <subfield code="a">Milano :</subfield>
    <subfield code="b">Jaca Book,</subfield>
    <subfield code="c">2009.</subfield>
  </datafield>
  <datafield tag="300" ind1=" " ind2=" ">
    <subfield code="a">406 p. ;</subfield>
    <subfield code="c">23 cm</subfield>
  </datafield>
  <datafield tag="490" ind1="1" ind2=" ">
    <subfield code="a">Di fronte e attraverso ;</subfield>
    <subfield code="v">851.</subfield>
    <subfield code="a">Scienze umane</subfield>
  </datafield>
  <datafield tag="500" ind1=" " ind2=" ">
    <subfield code="a">Tit. orig.: Le syst&#xE8;me technicien</subfield>
  </datafield>
  <datafield tag="504" ind1=" " ind2=" ">
    <subfield code="a">Contiene riferimenti bibliografici e indice</subfield>
  </datafield>
  <datafield tag="504" ind1=" " ind2=" ">
    <subfield code="a">Bibliografia di Jacques Ellul: p. 397-399</subfield>
  </datafield>
  <datafield tag="520" ind1=" " ind2=" ">
    <subfield code="a">La tecnica, per Ellul, &#xE8; il fattore determinante della societ&#xE0;. Pi&#xF9; della politica e dell'economia. Essa non &#xE8; n&#xE9; buona n&#xE9; cattiva, ma ambivalente. Si autogenera seguendo la propria logica. Calpesta la democrazia. Esaurisce le risorse naturali. Uniforma le culture. Ha effetti imprevedibili. Rende l'avvenire impensabile. Grazie all'informatica, la tecnica ha cambiato natura: essa costituisce, all'interno della societ&#xE0;, un "sistema tecnico". L'informatica, unificando tutti i sottosistemi (telefonico, aereo, di produzione e distribuzione dell'energia, ecc.), le ha permesso di divenire un tutto organizzato che vive all'interno della societ&#xE0;, la modella, la sfrutta, la trasforma. Ma questo sistema, che si autogenera, &#xE8; cieco. Non si sa dove vada. E non corregge i propri errori.</subfield>
  </datafield>
  <datafield tag="655" ind1=" " ind2="7">
    <subfield code="a">Sociologia. Previsioni sociali</subfield>
    <subfield code="x">Aspetti legati allo sviluppo delle tecnologie.</subfield>
    <subfield code="2">local</subfield>
    <subfield code="9">58436</subfield>
  </datafield>
  <datafield tag="700" ind1="1" ind2=" ">
    <subfield code="a">Porquet, Jean-Luc,</subfield>
    <subfield code="e">pr.</subfield>
    <subfield code="d">1954-</subfield>
    <subfield code="9">58437</subfield>
  </datafield>
  <datafield tag="830" ind1=" " ind2="0">
    <subfield code="a">Di fronte e attraverso ;</subfield>
    <subfield code="v">851.</subfield>
    <subfield code="9">58184</subfield>
  </datafield>
  <datafield tag="830" ind1=" " ind2="0">
    <subfield code="a">Di fronte e attraverso.</subfield>
    <subfield code="p">Scienze umane.</subfield>
    <subfield code="9">58438</subfield>
  </datafield>
  <datafield tag="942" ind1=" " ind2=" ">
    <subfield code="2">ddc</subfield>
    <subfield code="c">BK</subfield>
  </datafield>
  <datafield tag="999" ind1=" " ind2=" ">
    <subfield code="c">358866</subfield>
    <subfield code="d">358866</subfield>
  </datafield>
  <datafield tag="952" ind1=" " ind2=" ">
    <subfield code="0">0</subfield>
    <subfield code="1">0</subfield>
    <subfield code="2">ddc</subfield>
    <subfield code="4">0</subfield>
    <subfield code="6">301_000000000000000_01ELL_JA_SI_AXA_23272</subfield>
    <subfield code="7">1</subfield>
    <subfield code="a">CINISELLO</subfield>
    <subfield code="b">CINISELLO</subfield>
    <subfield code="d">2020-09-04</subfield>
    <subfield code="l">0</subfield>
    <subfield code="o">301.01-ELL ja si (axa 23272)</subfield>
    <subfield code="p">9788816408517</subfield>
    <subfield code="r">2020-09-04 00:00:00</subfield>
    <subfield code="w">2020-09-04</subfield>
    <subfield code="y">BK</subfield>
  </datafield>
</record>
